Central Library OPAC University of Rajshahi

the basic doctrines of islam and other ideologies / (Record no. 32935)

MARC details
000 -LEADER
fixed length control field 00630cam a2200229 4500
001 - CONTROL NUMBER
control field 32935
003 - CONTROL NUMBER IDENTIFIER
rucl marc code BD-RjUL
005 - DATE AND TIME OF LATEST TRANSACTION
control field 20211209051923.0
008 - FIXED-LENGTH DATA ELEMENTS--GENERAL INFORMATION
fixed length control field 140429s1970 pk b 100 0 eng
035 ## - SYSTEM CONTROL NUMBER
System control number (BD-RjUL)33025
040 ## - CATALOGING SOURCE
Original cataloging agency DLC
Transcribing agency DLC
Modifying agency DLC
-- BD-RjUL
Language of cataloging eng
041 ## - LANGUAGE CODE
Language code of text/sound track or separate title eng
082 00 - DEWEY DECIMAL CLASSIFICATION NUMBER
Classification number 297.9
Author mark and year JAB 1970
100 1# - MAIN ENTRY--PERSONAL NAME
Personal name Jamil, K. M.
9 (RLIN) 95356
245 14 - TITLE STATEMENT
Title the basic doctrines of islam and other ideologies /
Statement of responsibility, etc. K. M. Jamil .
260 ## - PUBLICATION, DISTRIBUTION, ETC. (IMPRINT)
Place of publication, distribution, etc. Dacca :
Name of publisher, distributor, etc. Syndicate press,
Date of publication, distribution, etc. 1970.
300 ## - PHYSICAL DESCRIPTION
Pagination 193 p. ;
Size 21 cm.
650 #0 - SUBJECT ADDED ENTRY--TOPICAL TERM
Topical term or geographic name as entry element History
General subdivision Philosophy.
9 (RLIN) 100111
942 ## - ADDED ENTRY ELEMENTS (KOHA)
Source of classification or shelving scheme Dewey Decimal Classification
Koha item type Books
Holdings
Lost status Source of classification or shelving scheme Damaged status Not for loan Permanent Location Current Location Shelving location Date acquired Source of acquisition Cost, normal purchase price Total Checkouts Full call number Date last seen Copy number Koha item type
  Dewey Decimal Classification   Not For Loan Central Library, University of Rajshahi Central Library, University of Rajshahi Reading Room 18/06/1980 P. R. O 0.00   297.9 JAB 1970 29/04/2014 C-1 Books